000 01152aam a2200313 i 4500
001 768714001
003 CO-MdFUSB
005 20210309174012.0
007 ta
008 210115t1924 enk |||| |||| 00| 0 eng d
020 _a[No incluye ISBN]
040 _bspa.
_aCO-MdFUSB
_cCO-MdFUSB
_dCO-MdFUSBC
_erda
041 _aeng
082 _223
_a222.1066
_bSI613
100 _aSimpson, David Capell,
_eautor
245 1 0 _aPentateuchal criticism
_c/ David Capell Simpson
264 1 _aLondon :
_bOxford University Press,
_c[1924]
264 4 _c© 1924
300 _a211 páginas
_c; 20 cm
336 _atexto
_btxt
_2rdacontent
337 _2rdamedia
_asin mediación
_bn
338 _2rdacarrier
_avolumen
_bnc
505 _aEl significado de la crítica - La historia de crítica del Pentateuco - La fuente sacerdotal - Las fuentes J y E - Deuteronomio - El Pentateuco, a la luz de la historia hebrea - El propósito divino en la religión hebrea - Los nombres de Dios en el Pentateuco
563 _aPasta dura
630 7 _aBiblia.
_pPentateuco
_xCrítica, interpretación, etc.
942 _cBK
945 _aJTF-925
999 _c46313
_d46313